000
00303nam a22001337a 4500
008
190306b xxu||||| |||| 00| 0 eng d
020
_a
9780781733625
041
_a
eng
080
_2
3rd
_a
616.34
100
_a
9
101
_a
GAS
245
_a
Manual of Gastroenterology
_c
Avunduk, C
942
_2
udc
_c
BK
999
_c
54618
_d
54618